000 00384nam a2200157Ia 4500
008 230524s9999 xx 000 0 und d
082 _a612
_bkhu
100 _aIndu Khurana
_923867
245 0 _aTextbook of Medical Physiology
250 _a5th
260 _aNEW DELHI
_bElsevier
_c2005
300 _avii;601
500 _aQuantity Number: 1
650 _aBiomedical
942 _cBK
999 _c35872
_d35872